| 000 | 01007nam a22003137a 4500 | ||
|---|---|---|---|
| 003 | CHAP | ||
| 005 | 20220329133926.0 | ||
| 008 | 971013s1897 r 00010 d | ||
| 010 | _a12787 | ||
| 011 | _a13759 | ||
| 035 | _a17831 | ||
| 040 | _cCHAP | ||
| 082 |
_a636.082 _bC3 |
||
| 100 | 0 | 0 |
_aCasal Suárez, Agustín. _919732 |
| 245 | _aManual práctico del ganadero | ||
| 260 |
_aMéxico : _bSecretaría de Fomento, _c1897 |
||
| 300 | _a111 p. | ||
| 500 | _aEncuadernado con: Aragón, B. Tratado práctico de la cría y multiplicación de las palomas. | ||
| 590 |
_aBATCH-UPD _b10 _c20130110 _lUCH01 _h0125 |
||
| 590 |
_aBATCH-UPD _b10 _c20130110 _lUCH01 _h1830 |
||
| 590 |
_aBATCH-UPD _b10 _c20130409 _lUCH01 _h2119 |
||
| 590 |
_aBATCH-UPD _b10 _c20130410 _lUCH01 _h1202 |
||
| 590 |
_aBATCH-UPD _b10 _c20130914 _lUCH01 _h0854 |
||
| 590 |
_aCONVERSION _b10 _c20130109 _lUCH01 _h1308 |
||
| 650 | 1 | 4 |
_aGanadería. _944604 |
| 901 | _aBK | ||
| 942 | _cLIBRO | ||
| 949 |
_a636.082 C3 _bBC _cBPP _d-41799 _eBPP _i17831 _si |
||
| 999 |
_c12787 _d12787 |
||